[Event "GRE-chT Online Rapid op 1st"]
[Site "Tornelo INT"]
[Date "2021.02.21"]
[Round "8.18"]
[White "Efthimiatos, Georgios"]
[Black "Papakonstantinou, Dimitrios1111"]
[Result "1/2-1/2"]
[WhiteElo "1986"]
[BlackElo "2049"]
[PlyCount "105"]
[EventDate "2021.02.20"]
[EventType "team-swiss (rapid)"]
[EventRounds "9"]
[EventCountry "GRE"]
[SourceTitle "EXT 2023"]
[Source "ChessBase"]
[SourceDate "2022.10.05"]
[SourceVersion "1"]
[SourceVersionDate "2022.10.05"]
[SourceQuality "1"]

1. d4 Nf6 2. c3 e6 3. Bg5 Be7 4. Nd2 c5 5. e3 b6 6. Bd3 Bb7 7. Ngf3 cxd4 8. exd4 d6 9. 0-0 Nbd7 10. Re1 a6 11. Qe2 Qc7 12. Rad1 0-0 13. Nf1 Rfe8 14. Ng3 Qc8 15. Bb1 Bc6 16. Qd3 h6 17. Bxf6 Nxf6 18. Nh5 Qb7 19. Re3 Kf8 20. Nxf6 Bxf6 21. Rde1 b5 22. Qe2 Rac8 23. Be4 Kg8 24. a3 a5 25. Nd2 Bg5 26. Rg3 Bxd2 27. Bxc6 Qxc6 28. Qxd2 Kh7 29. h4 Qd5 30. Qf4 f5 31. h5 Rc7 32. Rg6 Rf7 33. Qg3 e5 34. dxe5 dxe5 35. Ra6 a4 36. Qg6+ Kg8 37. Rb6 e4 38. Rd6 Qb3 39. Red1 Ref8 40. Rd7 Rxd7 41. Rxd7 Rf7 42. Rd8+ Rf8 43. Rd7 Rf7 44. Rd8+ Rf8 45. Rxf8+ Kxf8 46. Qxf5+ Kg8 47. Qxe4 Qxb2 48. Qd5+ Kh8 49. Qd8+ Kh7 50. Qd3+ Kh8 51. Kf1 Qxa3 52. Qd8+ Kh7 53. Qd3+ 1/2-1/2

[Event "GRE-chT Online Rapid op 1st"]
[Site "Tornelo INT"]
[Date "2021.02.21"]
[Round "5.16"]
[White "Fragiadakis, Dimitrios"]
[Black "Efthimiatos, Georgios"]
[Result "0-1"]
[WhiteElo "1943"]
[BlackElo "1986"]
[PlyCount "140"]
[EventDate "2021.02.20"]
[EventType "team-swiss (rapid)"]
[EventRounds "9"]
[EventCountry "GRE"]
[SourceTitle "EXT 2023"]
[Source "ChessBase"]
[SourceDate "2022.10.05"]
[SourceVersion "1"]
[SourceVersionDate "2022.10.05"]
[SourceQuality "1"]

1. d4 d5 2. c4 e6 3. Nc3 Nf6 4. cxd5 exd5 5. Bf4 Bd6 6. Bg3 0-0 7. e3 Bf5 8. Bd3 Bxd3 9. Qxd3 Nc6 10. a3 Re8 11. Nge2 a6 12. 0-0 Qd7 13. b4 Ne7 14. Qc2 Nf5 15. Bxd6 Nxd6 16. Nf4 c6 17. Na4 Qe7 18. Nc5 g6 19. h3 Kg7 20. Nfd3 Nc4 21. Ne5 Nxe5 22. dxe5 Ne4 23. Nxe4 dxe4 24. Qxe4 Qxe5 25. Qxe5+ Rxe5 26. Rfd1 Rae8 27. Rd4 R8e7 28. Rc1 h5 29. Kf1 a5 30. Ke2 axb4 31. axb4 Rb5 32. Kd3 Kf6 33. e4 Ke6 34. f3 Rd7 35. Rcc4 Rxd4+ 36. Kxd4 f6 37. f4 Kd6 38. g4 hxg4 39. hxg4 Ke6 40. Kc3 g5 41. fxg5 Rxg5 42. Kd4 Rxg4 43. Rc5 Rg1 44. b5 Rd1+ 45. Ke3 Rd6 46. bxc6 Rxc6 47. Rb5 b6 48. Kf4 Kd6 49. Kf5 Kc7 50. Kg6 Re6 51. Kf5 Rc6 52. Kg6 Re6 53. Kf5 Re8 54. Rb4 Kc6 55. Kxf6 Kc5 56. Ra4 b5 57. Ra7 Rxe4 58. Kf5 Re1 59. Rc7+ Kd4 60. Rb7 Kc4 61. Rc7+ Kb3 62. Kf4 b4 63. Kf3 Kb2 64. Kf2 Re5 65. Rb7 b3 66. Rb6 Kc2 67. Rc6+ Kb1 68. Rb6 b2 69. Rb7 Rc5 70. Ke2 Kc2 0-1

[Event "GRE-chT 42nd"]
[Site "Porto Rio"]
[Date "2014.06.28"]
[Round "1.3"]
[White "Efthimiatos, Georgios"]
[Black "Spyropoulos, Georgios"]
[Result "0-1"]
[WhiteElo "2021"]
[BlackElo "2173"]
[PlyCount "190"]
[EventDate "2014.06.28"]
[EventType "team-swiss"]
[EventRounds "7"]
[EventCountry "GRE"]
[SourceTitle "CBM 161 Extra"]
[Source "ChessBase"]
[SourceDate "2014.08.29"]
[SourceVersion "1"]
[SourceVersionDate "2014.08.29"]
[SourceQuality "1"]
[WhiteTeam "Pan GA"]
[BlackTeam "Patron CN"]
[WhiteTeamCountry "GRE"]
[BlackTeamCountry "GRE"]

1. e4 c5 2. Nc3 Nc6 3. Nf3 g6 4. d4 cxd4 5. Nxd4 Bg7 6. Be3 d6 7. Be2 Nf6 8. 0-0 h5 9. f3 a6 10. Qd2 Qc7 11. Rfd1 0-0 12. a4 Bd7 13. Nb3 b6 14. Qe1 Rfb8 15. Qf1 Nb4 16. Rd2 e5 17. Qd1 Be6 18. Nc1 Rd8 19. Nd5 Nbxd5 20. exd5 Bf5 21. c4 e4 22. f4 Re8 23. h3 Rab8 24. Na2 Qc8 25. Qf1 Bd7 26. Nb4 Kh7 27. Nc2 Ng8 28. Nd4 Nh6 29. Ra3 Re7 30. b4 Qe8 31. Rda2 Qh8 32. Qf2 Nf5 33. Nxf5 Bxf5 34. g4 Bc8 35. gxh5 Kg8 36. Qh4 Kf8 37. Kh2 Bf6 38. Qg3 gxh5 39. Rc2 Bd4 40. Qf2 Bxe3 41. Qxe3 Qf6 42. Bxh5 Qh8 43. Be2 f6 44. Bf1 Qh5 45. Rd2 Kf7 46. Rd4 Bf5 47. Bg2 Rg8 48. Rd2 Qh4 49. a5 bxa5 50. Rxa5 Bg4 51. Rxa6 Bf3 52. Ra7 Qg3+ 53. Kg1 Qxh3 54. Rxe7+ Kxe7 55. Qa7+ Qd7 56. Qxd7+ Kxd7 57. Kf1 e3 58. Bxf3 exd2 59. Ke2 Rg3 60. Be4 Rc3 61. Kxd2 Rxc4 62. Ke3 Rxb4 63. Kf3 Ke7 64. Bf5 Rb3+ 65. Kg4 Re3 66. Bc2 Re2 67. Bd3 Rd2 68. Be4 Kd7 69. Kf5 Rf2 70. Bd3 Kc7 71. Be4 Kb6 72. Bd3 Kc5 73. Be4 Kc4 74. Bh1 Kd4 75. Be4 Ke3 76. Bb1 Rxf4+ 77. Ke6 Rb4 78. Bf5 Rb6 79. Kxf6 Kd4 80. Ke6 Kc5 81. Be4 Rb8 82. Bg6 Rb4 83. Bf7 Rd4 84. Kf5 Rxd5+ 85. Ke4 Rd4+ 86. Ke3 d5 87. Bg6 Rg4 88. Bf5 Rg3+ 89. Kd2 Kd4 90. Bh7 Rg2+ 91. Kd1 Ke3 92. Bf5 d4 93. Bh3 Rg1+ 94. Kc2 d3+ 95. Kc3 d2 0-1

[Event "GRE-chT 35th"]
[Site "Ermioni Argolidas"]
[Date "2006.07.??"]
[Round "8"]
[White "Efthimiatos, Georgios"]
[Black "Kounalakis, Evryklis"]
[Result "1/2-1/2"]
[WhiteElo "2184"]
[BlackElo "2147"]
[PlyCount "130"]
[EventDate "2006.07.03"]
[EventType "team"]
[EventRounds "9"]
[EventCountry "GRE"]
[SourceTitle "CBM 113 Extra"]
[Source "ChessBase"]
[SourceDate "2006.09.14"]
[SourceVersion "1"]
[SourceVersionDate "2006.09.14"]
[SourceQuality "1"]

1. e4 c6 2. d4 d5 3. Nc3 dxe4 4. Nxe4 Bf5 5. Ng3 Bg6 6. Nf3 Nf6 7. h4 Nh5 8. Ne2 e6 9. Ne5 Nd7 10. Nxg6 hxg6 11. Qd3 Qb6 12. Qb3 0-0-0 13. Qxb6 Nxb6 14. Bd2 Be7 15. 0-0-0 Nf6 16. Bg5 Rd7 17. f3 Rhd8 18. Rd3 Nfd5 19. Bxe7 Nxe7 20. g4 Nbd5 21. a3 Nf6 22. Bg2 Kc7 23. b3 Rd5 24. f4 R5d7 25. Bf3 Kb8 26. Rhd1 Rh8 27. Rh1 Rhd8 28. c3 c5 29. Rhd1 cxd4 30. Rxd4 Rxd4 31. Rxd4 Rxd4 32. Nxd4 Ned5 33. g5 Nh5 34. Bxd5 exd5 35. Ne2 Kc7 36. Kd2 Kd6 37. Ke3 Kc5 38. Kf3 a5 39. a4 b5 40. axb5 Kxb5 41. Nd4+ Kc5 42. Kg4 Kd6 43. Nf3 f5+ 44. gxf6 Nxf6+ 45. Kg5 Ne4+ 46. Kxg6 Nc5 47. Nd4 Nd3 48. f5 Nf4+ 49. Kxg7 Ke5 50. f6 Nh5+ 51. Kg6 Nxf6 52. Nc6+ Ke6 53. h5 Nxh5 54. Kxh5 Kd6 55. Nd4 Ke5 56. Kg4 Ke4 57. Nb5 Kd3 58. Kf3 Kc2 59. Ke3 Kxb3 60. Kd4 a4 61. Kd3 a3 62. Nd4+ Kb2 63. Nc2 a2 64. Kd2 a1Q 65. Nxa1 Kxa1 1/2-1/2

[Event "GRE-chT"]
[Site "Aghia Pelagia"]
[Date "2004.07.08"]
[Round "6.4"]
[White "Nikolaou, Georgios"]
[Black "Efthimiatos, Georgios"]
[Result "1-0"]
[WhiteElo "2244"]
[BlackElo "2198"]
[PlyCount "75"]
[EventDate "2004.07.04"]
[EventType "team"]
[EventRounds "9"]
[EventCountry "GRE"]
[SourceTitle "CBM 101 Extra"]
[Source "ChessBase"]
[SourceDate "2004.09.01"]
[SourceVersion "2"]
[SourceVersionDate "2004.09.01"]
[SourceQuality "1"]
[WhiteTeam "12"]
[BlackTeam "16"]
[WhiteTeamCountry "GRE"]
[BlackTeamCountry "GRE"]

1. Nf3 d5 2. g3 c6 3. b3 Bg4 4. Bg2 Nd7 5. Bb2 e6 6. c4 a5 7. 0-0 Ngf6 8. d3 Bc5 9. Nbd2 Qe7 10. Qc2 0-0 11. a3 Rfc8 12. Rfe1 b5 13. h3 Bxf3 14. exf3 bxc4 15. bxc4 Rab8 16. d4 Bd6 17. c5 Bc7 18. f4 a4 19. Bc3 Ra8 20. Rab1 Ra7 21. Re3 Qf8 22. Bf1 Rd8 23. Bd3 g6 24. Kg2 Qg7 25. Nf3 Nh5 26. Ne5 Nxe5 27. fxe5 f5 28. Be2 Kf7 29. Qd1 Ke7 30. Bxh5 gxh5 31. Qxh5 Ba5 32. Bxa5 Rxa5 33. Rb4 Ra7 34. Re2 Kd7 35. Reb2 Kc7 36. Qd1 f4 37. Qb1 Rd7 38. Rb8 1-0

[Event "GRE-chT"]
[Site "Aghia Pelagia"]
[Date "2004.07.05"]
[Round "2.3"]
[White "Efthimiatos, Georgios"]
[Black "Banikas, Hristos"]
[Result "0-1"]
[WhiteElo "2198"]
[BlackElo "2519"]
[PlyCount "62"]
[EventDate "2004.07.04"]
[EventType "team"]
[EventRounds "9"]
[EventCountry "GRE"]
[SourceTitle "CBM 101 Extra"]
[Source "ChessBase"]
[SourceDate "2004.09.01"]
[SourceVersion "2"]
[SourceVersionDate "2004.09.01"]
[SourceQuality "1"]
[WhiteTeam "16"]
[BlackTeam "02"]
[WhiteTeamCountry "GRE"]
[BlackTeamCountry "GRE"]

1. e4 c5 2. Nf3 d6 3. d4 cxd4 4. Nxd4 Nf6 5. Nc3 a6 6. Bc4 e6 7. Bb3 b5 8. Qf3 Qc7 9. 0-0 Be7 10. Re1 0-0 11. a3 Nbd7 12. Qg3 Ne5 13. f3 Rb8 14. Be3 Nc4 15. Bxc4 Qxc4 16. Qf2 Bd7 17. Nb3 Qc7 18. Red1 a5 19. Rd2 Rfc8 20. Qg3 a4 21. Nc1 b4 22. axb4 Rxb4 23. Nd1 Rxe4 24. fxe4 Nxe4 25. Qe1 Nxd2 26. Bxd2 Qxc2 27. Bc3 e5 28. Na2 Bc6 29. Qg3 Bh4 30. Qh3 Bb7 31. Nb4 Qe4 0-1

[Event "GRE-chT 32nd"]
[Site "Kallithea"]
[Date "2003.07.06"]
[Round "3"]
[White "Karapanos, Nikolaos"]
[Black "Efthimiatos, Georgios"]
[Result "1-0"]
[WhiteElo "2243"]
[BlackElo "2174"]
[PlyCount "67"]
[EventDate "2003.07.04"]
[EventType "team-tourn"]
[EventRounds "9"]
[EventCountry "GRE"]
[SourceTitle "CBM 095 Extra"]
[Source "ChessBase"]
[SourceDate "2003.09.04"]
[SourceVersion "1"]
[SourceVersionDate "2003.09.04"]
[SourceQuality "1"]

1. Nf3 d5 2. d4 c6 3. c4 e6 4. g3 Nd7 5. Bg2 Ngf6 6. 0-0 Be7 7. Qc2 0-0 8. Nbd2 b6 9. Rd1 Bb7 10. e4 Rc8 11. e5 Ne8 12. h4 c5 13. dxc5 Nxc5 14. b4 Nd7 15. Rb1 Qc7 16. Re1 g6 17. Qc3 Ng7 18. Nd4 dxc4 19. Ne4 Bxe4 20. Rxe4 Rfd8 21. Nb5 Qb8 22. Bf4 a6 23. Nd6 Bxd6 24. exd6 b5 25. Bh3 Nf8 26. Bh6 f6 27. Qxf6 Qb7 28. Rd1 Rd7 29. Bxg7 Rxg7 30. Bxe6+ Nxe6 31. Qxe6+ Kh8 32. d7 Rd8 33. Qe8+ Rg8 34. Qxd8 1-0

[Event "GRE-chT 30th"]
[Site "Athens"]
[Date "2001.??.??"]
[Round "1"]
[White "Efthimiatos, Georgios"]
[Black "Nikolaidis, Konstantinos"]
[Result "0-1"]
[WhiteElo "2200"]
[BlackElo "2335"]
[PlyCount "65"]
[EventDate "2001.07.07"]
[EventType "team"]
[EventRounds "9"]
[EventCountry "GRE"]
[SourceTitle "CBM 085 Extra"]
[Source "ChessBase"]
[SourceDate "2002.01.21"]
[SourceVersion "1"]
[SourceVersionDate "2002.01.21"]
[SourceQuality "1"]

1. e4 c5 2. Nf3 Nc6 3. d4 cxd4 4. Nxd4 Nf6 5. Nc3 d6 6. Bc4 Qb6 7. Nb3 e6 8. 0-0 Be7 9. Kh1 0-0 10. f4 a6 11. Qf3 Qc7 12. Bd3 b5 13. a3 Rb8 14. Bd2 b4 15. axb4 Nxb4 16. Nb5 axb5 17. Bxb4 e5 18. f5 Bb7 19. Qe2 Bc6 20. Na5 Ba8 21. c3 h6 22. Nb3 Bc6 23. Na5 Ba8 24. Ra3 d5 25. Bxe7 Qxe7 26. exd5 Nxd5 27. Bxb5 Qc5 28. Bd3 Nf4 29. Rxf4 exf4 30. Nb3 Qb6 31. Nd4 Rfe8 32. Qf1 Qxb2 33. Ra1 0-1

[Event "GRE-chT 30th"]
[Site "Athens"]
[Date "2001.??.??"]
[Round "6"]
[White "Skaperdas, Kostantinos"]
[Black "Efthimiatos, Georgios"]
[Result "0-1"]
[WhiteElo "2215"]
[BlackElo "2200"]
[PlyCount "66"]
[EventDate "2001.07.07"]
[EventType "team"]
[EventRounds "9"]
[EventCountry "GRE"]
[SourceTitle "CBM 085 Extra"]
[Source "ChessBase"]
[SourceDate "2002.01.21"]
[SourceVersion "1"]
[SourceVersionDate "2002.01.21"]
[SourceQuality "1"]

1. e4 Nf6 2. e5 Nd5 3. d4 d6 4. c4 Nb6 5. exd6 cxd6 6. Nc3 g6 7. Be3 Bg7 8. Rc1 0-0 9. b3 e5 10. dxe5 dxe5 11. Qxd8 Rxd8 12. c5 N6d7 13. Bc4 Nc6 14. Nf3 Na5 15. Bg5 Re8 16. Nb5 e4 17. Nc7 exf3+ 18. Nxe8 fxg2 19. Rg1 Nxc4 20. Nxg7 Nce5 21. f4 Nf3+ 22. Kf2 Nxg1 23. Ne8 Nh3+ 24. Kxg2 Nxg5 25. fxg5 Nf8 26. Nd6 Bd7 27. Kg3 Rb8 28. b4 a6 29. Ne4 Kg7 30. Rd1 Bc6 31. Nf6 h6 32. h4 hxg5 33. hxg5 Nh7 0-1

[Event "GRE-chT 29th"]
[Site "Athens"]
[Date "2000.07.11"]
[Round "6"]
[White "Papatheodorou, Theodoros"]
[Black "Efthimiatos, Georgios"]
[Result "1/2-1/2"]
[WhiteElo "2274"]
[BlackElo "2199"]
[PlyCount "72"]
[EventDate "2000.07.06"]
[EventType "team"]
[EventRounds "8"]
[EventCountry "GRE"]
[SourceTitle "EXT 2001"]
[Source "ChessBase"]
[SourceDate "2000.11.22"]
[SourceVersion "1"]
[SourceVersionDate "2000.11.22"]
[SourceQuality "1"]

1. e4 Nf6 2. e5 Nd5 3. d4 d6 4. c4 Nb6 5. exd6 cxd6 6. Nc3 g6 7. a4 Bg7 8. a5 N6d7 9. Ra3 0-0 10. d5 Na6 11. Be2 b6 12. axb6 axb6 13. Nf3 Bb7 14. Nd4 Nc7 15. Rxa8 Qxa8 16. 0-0 e6 17. dxe6 fxe6 18. f3 Qa5 19. Ncb5 Nxb5 20. Nxb5 d5 21. b4 Qa2 22. Re1 Ne5 23. Nc7 Kf7 24. f4 Nxc4 25. Nxe6 Bc3 26. Ng5+ Kg8 27. Bg4 d4 28. Be6+ Kh8 29. Re2 Qa6 30. Bxc4 Qxc4 31. Re7 Bd5 32. Rxh7+ Kg8 33. Rh6 Kg7 34. Rh7+ Kg8 35. Rh6 Kg7 36. Rh7+ Kg8 1/2-1/2

[Event "GRE-chT 29th"]
[Site "Athens"]
[Date "2000.07.10"]
[Round "5"]
[White "Bousios, Hristos"]
[Black "Efthimiatos, Georgios"]
[Result "1-0"]
[WhiteElo "2273"]
[BlackElo "2199"]
[PlyCount "79"]
[EventDate "2000.07.06"]
[EventType "team"]
[EventRounds "8"]
[EventCountry "GRE"]
[SourceTitle "EXT 2001"]
[Source "ChessBase"]
[SourceDate "2000.11.22"]
[SourceVersion "1"]
[SourceVersionDate "2000.11.22"]
[SourceQuality "1"]

1. d4 Nf6 2. c4 e6 3. Nc3 Bb4 4. Bd2 c5 5. a3 Bxc3 6. Bxc3 Ne4 7. Qc2 Nxc3 8. Qxc3 cxd4 9. Qxd4 0-0 10. e3 Nc6 11. Qd6 Qa5+ 12. b4 Qe5 13. Qxe5 Nxe5 14. Be2 f6 15. Nf3 Nxf3+ 16. Bxf3 Rb8 17. 0-0-0 b6 18. Rd6 Bb7 19. Rxd7 Bxf3 20. gxf3 Rfc8 21. Rg1 Rxc4+ 22. Kb1 g6 23. Rxa7 Rh4 24. Rc1 Rxh2 25. Rcc7 b5 26. f4 e5 27. Rg7+ Kh8 28. fxe5 fxe5 29. Rgf7 Kg8 30. Rg7+ Kh8 31. Rge7 Rf8 32. Rxe5 Rhxf2 33. Rxb5 Re2 34. Rc5 h5 35. Rc1 h4 36. b5 h3 37. b6 Rb8 38. b7 Kg7 39. a4 Rxe3 40. Ka2 1-0

[Event "GRE-chT 29th"]
[Site "Athens"]
[Date "2000.07.06"]
[Round "1"]
[White "Solidakis, Nektarios"]
[Black "Efthimiatos, Georgios"]
[Result "0-1"]
[WhiteElo "2057"]
[BlackElo "2199"]
[PlyCount "52"]
[EventDate "2000.07.06"]
[EventType "team"]
[EventRounds "8"]
[EventCountry "GRE"]
[SourceTitle "EXT 2001"]
[Source "ChessBase"]
[SourceDate "2000.11.22"]
[SourceVersion "1"]
[SourceVersionDate "2000.11.22"]
[SourceQuality "1"]

1. e4 Nf6 2. e5 Nd5 3. Nc3 Nxc3 4. dxc3 d6 5. Bc4 Nc6 6. Nf3 dxe5 7. Qxd8+ Nxd8 8. Nxe5 f6 9. Nf3 e5 10. Be3 Be6 11. Bxe6 Nxe6 12. 0-0-0 g5 13. h3 Bc5 14. Nd2 Rd8 15. Rdf1 Kf7 16. g3 f5 17. Re1 Kf6 18. Nc4 Bxe3+ 19. fxe3 h5 20. Rhf1 Nc5 21. b3 Ke6 22. Nd2 h4 23. gxh4 Rxh4 24. Nf3 Rh5 25. Rg1 Ne4 26. Kb2 Kf6 0-1